• 首页
  • 本馆介绍
  • 公告通知
  • 最新文献
  • 馆藏检索
  • 电子资源
  • 读者导购
  • 参考咨询
  • 我的图书馆
  • 登录
  • 详细信息显示
  • 放入我的书架
  • 预约/预借图书
  • 作者相关作品
  • 分类相关作品
  • 丛书相关作品
  • 出版社相关作品

书目信息

  • 表格格式
  • 工作单格式
  • 卡片格式
题名:
室内空气污染控制
    
 
作者: 朱天乐 主编
分册:  
出版信息: 北京   化学工业出版社  2003
页数: 189
开本: 20cm
丛书名:
单 册:
中图分类: X506
科图分类:
主题词: 环境污染 , 环境污染--污染防治
电子资源:
ISBN: 7-5025-4120-9
000 00557nam0 2200193 450
001 0754114953
005 20070929150154.95
010    @a7-5025-4120-9
100    @a20070929d km y0chiy0120 ea
101 0  @achi
200 1  @a室内空气污染控制@Ashi nei kong qi wu ran kong zhi@f朱天乐 主编@Fzhu tian yue zhu bian
210    @a北京@c化学工业出版社@d2003
215    @a189@c插图@d20cm
606 0  @a环境污染
606 0  @a环境污染@x污染防治
690    @aX506@v3
701  0 @a朱天乐@Azhu tian yue@4主编
801  0 @aCN@bPFT@c20070929
905    @a213230@dX506@eh40@f1
    
    室内空气污染控制/朱天乐 主编.-北京:化学工业出版社,2003
    189:插图;20cm
    
    
    ISBN 7-5025-4120-9:
    
●
相关链接 在E读中查询图书 在五车中查询图书 在当当中查询图书 在豆瓣中查询图书


正题名:室内空气污染控制     索取号:X506/h40         预约/预借

序号 登录号 条形码 馆藏地/架位号 状态 备注
1 6001617   260016173   密集书库-化学系/ [索取号:X506/h40] 在馆    
唐山师范学院图书馆 欢迎您!
大连网信软件有限公司© 版权所有